Status Quo Members - Statistics

General Stats
  • This quiz has been taken 15 times
  • The average score is 10 of 12
Answer Stats
Hint Answer % Correct
Bass/Vocals Alan Lancaster
100%
Guitar/Vocals Francis Rossi
100%
Guitar/Vocals Rick Parfitt
100%
Drums John Coghlan
92%
Drums Leon Cave
92%
Keyboards/Vocals Andrew Bown
83%
Drums Jeff Rich
83%
Bass/Vocals John 'Rhino' Edwards
83%
Drums Pete Kircher
83%
Guitar/Vocals Richie Malone
83%
Keyboards Roy Lynes
75%
Drums Matt Letley
67%
No matching quizzes found
Score Distribution
Percent of People with Each Score
Percentile by Number Answered
Your Score History
You have not taken this quiz